| 000 | 00825nac a22002291u 4500 | ||
|---|---|---|---|
| 010 | _a 73023249 | ||
| 020 | _a0632070609 | ||
| 082 | 0 | 0 |
_a616.15 _bD3655 |
| 090 |
_c3568 _d3568 |
||
| 100 | _aDe Gruchy, G. C. | ||
| 245 | 1 | 0 |
_aClinical haematology in medical practice _c[by] G. C. de Gruchy. With a foreword by J. V. Dacie. |
| 250 | _a3d ed. | ||
| 260 |
_aOxford [Eng.] _bBlackwell Scientific Publications _c[1970] |
||
| 300 |
_axiv, 800 p. _billus. _c24 cm. |
||
| 500 | _aDonations. | ||
| 500 | _aDonations - Bibliotheca Alexandrina. | ||
| 504 | _aIncludes bibliographies and Index. | ||
| 650 | 0 |
_aBlood _xDiseases. |
|
| 650 | 0 | _aHematology. | |
| 942 |
_cBB _k616.15D3655 |
||
| 999 |
_c3568 _d3568 |
||